The management and control of quality (Record no. 14156)

MARC details
000 -LEADER
fixed length control field 00538nam a22001817a 4500
003 - CONTROL NUMBER IDENTIFIER
control field URS
005 - DATE AND TIME OF LATEST TRANSACTION
control field 20220114171550.0
008 - FIXED-LENGTH DATA ELEMENTS--GENERAL INFORMATION
fixed length control field 170324b xxu||||| |||| 00| 0 eng d
020 ## - INTERNATIONAL STANDARD BOOK NUMBER
International Standard Book Number 0324000456
050 ## - LIBRARY OF CONGRESS CALL NUMBER
Classification number TS156
Item number E93 1999
100 ## - MAIN ENTRY--PERSONAL NAME
Personal name Evans, James R.
Relator code author
245 ## - TITLE STATEMENT
Title The management and control of quality
Statement of responsibility, etc. James R. Evans, William M. Lindsay
250 ## - EDITION STATEMENT
Edition statement Fourth Edition
260 ## - PUBLICATION, DISTRIBUTION, ETC.
Place of publication, distribution, etc. Cincinnati, Ohio:
Name of publisher, distributor, etc. South-Western,
Date of publication, distribution, etc. 1999
300 ## - PHYSICAL DESCRIPTION
Extent xxii, 785 pages;
Dimensions 26 cm.
700 ## - ADDED ENTRY--PERSONAL NAME
Relator code author
Personal name Lindsay, William M.
942 ## - ADDED ENTRY ELEMENTS (KOHA)
Koha item type Foreign Books
Source of classification or shelving scheme Library of Congress Classification
Holdings
Withdrawn status Source of classification or shelving scheme Damaged status Not for loan Collection code Home library Current library Shelving location Date acquired Total Checkouts Full call number Barcode Date last seen Price effective from Koha item type
  Library of Congress Classification     Non-fiction Binangonan College Library Binangonan College Library Foreign Section 06/07/2023   TS156 E93 1999 URSBIN-0410 03/03/2016 03/03/2016 Foreign Books

University of Rizal System
Email us at univlibservices@urs.edu.ph

Visit our Website www.urs.edu.ph/library